MARC

LEADER 00000nam0a2200000 4500
001 20840
005 20231030192247.0
035 |a (RuTPU)RU\TPU\book\21030 
035 |a BOOK00000015 
090 |a 20840 
100 |a 20011209d1961 k y0rusy50 ca 
101 0 |a rus 
102 |a RU 
105 |a y z 000zy 
200 1 |a Очерки истории механики в России  |f А. Т. Григорьян 
210 |a Москва  |c Изд-во АН СССР  |d 1961 
215 |a 291 с. 
610 1 |a механика 
610 1 |a история 
610 1 |a твердые тела 
610 1 |a устойчивость 
610 1 |a баллистика 
610 1 |a равновесие 
610 1 |a аэродинамика 
610 1 |a Россия 
675 |a 531(09)  |v 3 
700 1 |a Григорьян  |b А. Т.  |g Ашот Тигранович 
801 0 |a RU  |b 63413507  |c 20011209  |g PSBO 
801 2 |a RU  |b 63413507  |c 20210602  |g PSBO 
942 |c BK